000 00822nam a2200265 i 4500
001 000039020
003 DO-SdBNP
005 20251014094319.0
007 ta
008 130513s2025 dr ac 000 0 spa d
020 _a9789945293593
040 _aDO-SdBNP
_bspa
_cBNPHU
_erda
041 _aspa
082 4 _axxx
_bF289m
_222
100 1 _aFebrillet, Johan Japhet
_eautor
_916462
245 1 0 _aMás allá del precio :
_bcomo el poder de la percepción puede definir el valor de una propiedad /
_cJohan Japhet Febrillet
264 _aOrlando, Florida :
_b[Editora desconocida],
_c2025.
300 _a109 páginas ;
_c21 cm.
336 _ardacontent
_btexto
_2txt
337 _ardamedia
_bsin mediación
_2n
338 _ardacarrier
_bvolumen
_2nc
590 _aInventariado, 2025/DG
910 _aDG
942 _2ddc
_cLBS1
999 _c59942
_d59942